| 000 | 00719nam a2200181 i 4500 | ||
|---|---|---|---|
| 001 | 164883 | ||
| 003 | ES-MaACL | ||
| 005 | 20230906213027.0 | ||
| 008 | 981201s1880 sp |||| | spa d | ||
| 100 | 1 |
_aScheidnagel, Manuel. _9132534 |
|
| 245 | 1 | 4 |
_aIslas Filipinas : _blas colonias espaƱolas de Asia / _cpor Manuel Scheidnagel. |
| 260 |
_aMadrid : _b[s.n.], _c1880 ( _fImp. de los Sres. Pacheco y Pinto) |
||
| 300 |
_a203 p., [1] h. pleg. de mapa ; _c25 cm. |
||
| 530 | _aDisponible en formato digital. | ||
| 651 | 4 |
_aFilipinas- _xDescripción. _98657 |
|
| 852 |
_aES-MaACL _jG-6691 _z- Enc. hol. |
||
| 856 |
_uhttps://bibliotecadigital.aecid.es/bibliodig/es/consulta/registro.do?id=6484 _zBiblioteca Digital AECID |
||
| 999 |
_c164883 _d164883 |
||